Metalurgia Junior 2005 deň doktorandov hutníckej fakulty : zborník prednášok z konferencie, 24., 25 máj 2005, Herľany

Bibliographic Details
Corporate Author: Metalurgia Junior Herľany, Slovensko
Other Authors: Nižník, Štefan (Compiler)
Format: Conference Proceeding Book
Language:Slovak
English
PhysicalDescription:185 s. grafy, tab., sch. 21 cm
Published: V Košiciach Technická univerzita 2005
ISBN:8080732914 (brož.)
Edition:[1. vyd.]
Subjects:

MARC

LEADER 00000nam a2200000 a 4500
001 vtls008163009
003 SK-MaSNL
005 20260302074033.0
008 250414s2005 xo dl f 100 0 slo
015 |a SNBA2005/08-02835 
020 |a 8080732914 (brož.) 
035 |a ffb52b0e-cee7-48b7-827b-af816a4a392c 
035 |a urn:nbn:sk:snk-amjt51 
035 |a urn:nbn:sk:snk:ar-a0ataa 
040 |a SNK  |b slo  |c SNK  |e AACR2 
041 0 |a slo  |a eng  |b eng 
044 |a xo  |c SK 
072 7 |a 668  |x Metalurgia  |2 konspekt 
080 |a 668  |2 2001 
080 |a (062.534)  |2 2001 
111 2 |a Metalurgia Junior  |n (2. :  |d 2005 :  |c Herľany, Slovensko)  |9 110881 
245 0 0 |a Metalurgia Junior 2005  |b deň doktorandov hutníckej fakulty : zborník prednášok z konferencie, 24., 25 máj 2005, Herľany  |c [zostavovateľ: Štefan Nižník] 
250 |a [1. vyd.] 
260 |a V Košiciach  |b Technická univerzita  |c 2005 
300 |a 185 s.  |b grafy, tab., sch.  |c 21 cm 
500 |a Čiast. text angl. 
504 |a Bibliogr. odkazy 
546 |a Res. angl. 
650 0 7 |a metalurgia  |2 SNKPH  |9 941 
650 0 7 |a doktorandské štúdium  |2 SNKPH  |9 4043 
650 0 7 |a vedecké práce  |2 SNKPH  |9 62155 
655 7 |a zborníky konferencií  |2 SNKPH  |9 70153 
655 7 |a issue_zb  |2 SNK  |9 276493 
700 1 |a Nižník, Štefan  |4 com  |9 6442 
752 |a Slovensko  |d Košice 
852 |a Slovenská národná knižnica 
919 |a 80-8073-291-4 
954 |a odborná, vedecká literatúra pôvodná (slovenská)  |2 lita 
954 |a odborná, vedecká literatúra cudzojazyčná (svetová)  |2 lita 
958 |a ART 
958 |a OND 
968 |d 66/69 
999 |c 1163367  |d 1165297 
952 |a SNK  |b SNK  |y PREZ  |7 0  |p 17A0476824  |o snkSC 120595  |i snk2005/11360  |8 0  |0 0  |1 0  |4 0  |d 2005-06-29  |l 0  |r 2025-05-30 00:00:00  |w 2026-02-24 
952 |a SNK  |b SNK  |y VYP  |7 0  |p 17A0476823  |o snkSC 120595 D1  |i snk2005/11361  |8 0  |0 0  |1 0  |4 0  |d 2005-06-29  |l 0  |r 2026-02-24 20:40:14  |w 2026-02-24